00723nam a2200181 4500001000500000005001700005008003900022010001600061043001200077100005200089245014000141260010400281300002100385650004300406650004000449700004200489710001000531547420181127175614.0910410s1978 si bs 000 0 eng a 90944444 aa-si--- a Department of Information and Media.bcdeq10aBhutan information and media :cbimpact study 2013 /cDepartment of Information and Media, Ministry of Information and Communications. aThimphu :b Department of Information and Media, Ministry of Information and Communications,c2013. a115 p. ;c21 cm. 0aCommunicationxSocial aspectszBhutan. 0aMass mediaxSocial aspectszBhutan.1 a Department of Information and Media.2 aUNDP.